Object oriented programming in C++ / (Record no. 32142)

MARC details
000 -LEADER
fixed length control field 00768nam a22002177a 4500
005 - DATE AND TIME OF LATEST TRANSACTION
control field 20091205123232.0
008 - FIXED-LENGTH DATA ELEMENTS--GENERAL INFORMATION
fixed length control field 091205t xxu||||| |||| 00| 0 eng d
010 ## - LCCN (DPL NO)
LC control number ENG-94659
020 ## - INTERNATIONAL STANDARD BOOK NUMBER
International Standard Book Number 9788190807463
Terms of availability 125.00
035 ## - SYSTEM CONTROL NUMBER
System control number EN-78192
037 ## - SOURCE OF ACQUISITION
Source of stock number/acquisition DBAD/PUB
040 ## - CATALOGING SOURCE
Original cataloging agency DPL
Language of cataloging ENG
082 ## - DEWEY DECIMAL CLASSIFICATION NUMBER
Classification number 005.133
100 ## - MAIN ENTRY--PERSONAL NAME
Personal name Dharmarajan, R.
245 ## - TITLE STATEMENT
Title Object oriented programming in C++ /
Statement of responsibility, etc by R. Dharmarajan
260 ## - PUBLICATION, DISTRIBUTION, ETC. (IMPRINT)
Place of publication, distribution, etc Coimbatore
Name of publisher, distributor, etc Navayuga Bharati
Date of publication, distribution, etc [200?]
300 ## - PHYSICAL DESCRIPTION
Extent 172 p.
Dimensions 21cm (pbk)
650 ## - SUBJECT ADDED ENTRY--TOPICAL TERM
Topical term or geographic name as entry element C++ (Computer program language)
942 ## - ADDED ENTRY ELEMENTS (KOHA)
Source of classification or shelving scheme Dewey Decimal Classification
Item type English Books
Classification part 005.133
Call number suffix DHA
Holdings
Withdrawn status Lost status Source of classification or shelving scheme Damaged status Not for loan Home library Current library Date acquired Source of acquisition Cost, normal purchase price Total Checkouts Full call number Barcode Date last seen Copy number Cost, replacement price Koha item type
    Dewey Decimal Classification   Not For Loan D.B.Act.Division D.B.Act.Division 05/12/2009 DBAD/PUB 125.00   005.133 DHA EN-78192 05/12/2009 1 125.00 English Books

© Delhi Public Library
Hit Counter
free hit counter